000 00331pam a2200157a 44500
008 230515b1999 xxu||||| |||| 00| 0 eng d
020 _aNULL
041 _aHINDI
082 _a1
100 _aGARDHE
245 _aSARTH VAGBHAT-2
250 _a1
260 _aSANGAI
_bN.D.
_c1999
300 _a100
650 _aSARTH VAGBHAT-2
999 _c497015
_d497015